000 01261njm a22003017a 4500
005 20100913151527.0
006 a|||||r|||||00| 0
007 sd ammalaaahaa
008 100909t xxu||||| |||| 00| 0 eng d
028 _aEMOE.2336
_bODEON
035 _aGR-02267
040 _aSED
_cSED
100 _917690
_aBhosle,Asha
245 _aPhagun/
_csung by Asha Bhosle[and] Kishore Kumar; Music by S.D.Burman ; Lyric by Majrooh
_h[Sound Recording] :
246 _aफागुन /
260 _aDum Dum, India
_bODEON
_c1973
300 _a1 sound disc (Gramophone Recording)
_banalog, 45 rpm
_c7.5 in. (SP)
_fGramophone Record
500 _aBrief Record
500 _aRecords Labels :ODEON,Black
505 _aSide1 कब मैंने ओ दिल के मस्ताने (Kab Maine O Dil Ke Mastane) (Asha Bhosle[and] Kishore Kumar) Side 2 इय सनद खेलो होरी (Piya Sand Khelo Hori) (Lata Mangeshkar [and] Chorus) .
600 _aBhosle,Asha
_919802
650 _aFilm Songs
_xExcerpts
_zIndia
_917691
700 _aKishore Kumar
_919192
700 _aBurman,S.D.
_919799
700 _aMajrooh
_919800
942 _2ddc
_cGR
999 _c45483
_d45483